00660cem a22001451 450000500170000000800410001704000400005804100080009804400070010608200140011324500240012726000460015130000540019750502630025120151107105633.0760220m19691970sp e spa  aDLCcGUdCNEdOCoLCdDLCdCo-BOIAVH aspa asp00a912bA28a00aGran atlas Aguilar. aMadrid:bAguilar S.A. de Edicionesc1970. a1 atlas (3 v.) :bmapas a colorc51 centímetros0 av. 1 Europa, norte de Asia. -- v. 2. Sur de Asia, África, Oceanía, América, mapas generales, mapas temáticos. -- v. 3. Índice de topónimos, sistemas de transcripción, abreviaturas utilizadas en los mapas, relación de términos geográficos.